Enrique de Lagardere / (Registro nro. 8866)
[ vista simple ]
| 000 -LEADER | |
|---|---|
| fixed length control field | 00850nam a22002777a 4500 |
| 003 - CONTROL NUMBER IDENTIFIER | |
| control field | DO-SdBNP |
| 005 - DATE AND TIME OF LATEST TRANSACTION | |
| control field | 20180124100610.0 |
| 008 - FIXED-LENGTH DATA ELEMENTS--GENERAL INFORMATION | |
| fixed length control field | 151123b 1975 sp ||||| |||| 00| 0 spa d |
| 040 ## - CATALOGING SOURCE | |
| Original cataloging agency | BPMSU |
| Language of cataloging | spa |
| Transcribing agency | BPMSU |
| 041 17 - LANGUAGE CODE | |
| Language code of text/sound track or separate title | eng |
| Language code of original | fre |
| 092 ## - LOCALLY ASSIGNED DEWEY CALL NUMBER (OCLC) | |
| Classification number | xxxxx |
| Item number | xxxxx |
| 100 1# - MAIN ENTRY--PERSONAL NAME | |
| Personal name | Feval, Paul, |
| Dates associated with a name | 1860-1933. |
| 240 10 - UNIFORM TITLE | |
| Uniform title | <a href="Le bossu.">Le bossu.</a> |
| Language of a work | Español. |
| 245 ## - TITLE STATEMENT | |
| Title | Enrique de Lagardere / |
| Statement of responsibility, etc. | Paul Féval ; adaptación Maricel Lagresa Colom ; ilustración Antonio Carrillo. |
| 260 ## - PUBLICATION, DISTRIBUTION, ETC. (IMPRINT) | |
| Place of publication, distribution, etc. | Barcelona : |
| Name of publisher, distributor, etc. | Bruguera, |
| Date of publication, distribution, etc. | 1975. |
| 300 ## - PHYSICAL DESCRIPTION | |
| Extent | 124 p. : |
| Other physical details | il. ; |
| Dimensions | 27 cm. |
| 490 1# - SERIES STATEMENT | |
| Series statement | Historias Color |
| 490 1# - SERIES STATEMENT | |
| Series statement | Grandes Aventuras |
| Volume/sequential designation | 5 |
| 700 12 - ADDED ENTRY--PERSONAL NAME | |
| Personal name | Lagresa Colom, Maricel |
| 700 12 - ADDED ENTRY--PERSONAL NAME | |
| Personal name | Carrillo, Antonio, |
| Relator term | il. |
| 830 #0 - SERIES ADDED ENTRY--UNIFORM TITLE | |
| Uniform title | Historias color |
| 830 #0 - SERIES ADDED ENTRY--UNIFORM TITLE | |
| Number of part/section of a work | 5 |
| Name of part/section of a work | Grandes Aventuras |
| 942 ## - ADDED ENTRY ELEMENTS (KOHA) | |
| Source of classification or shelving scheme | Dewey Decimal Classification |
| Koha item type | Libros |
| 945 ## - LOCAL PROCESSING INFORMATION (OCLC) | |
| a | Inventariado, 2018 /LP |
| 956 ## - LOCAL ELECTRONIC LOCATION AND ACCESS (OCLC) | |
| Host name | LOPEREZ |
| Access number | 10 |
| Withdrawn status | Lost status | Source of classification or shelving scheme | Damaged status | Not for loan | Collection code | Home library | Current library | Date acquired | Source of acquisition | Total Checkouts | Barcode | Date last seen | Price effective from | Koha item type |
|---|---|---|---|---|---|---|---|---|---|---|---|---|---|---|
| Dewey Decimal Classification | Colección General | Biblioteca Pública Metropolitana Salomé Ureña | Biblioteca Pública Metropolitana Salomé Ureña | 11/23/2015 | FUNDI | BPMSU15110439 | 11/23/2015 | 11/23/2015 | Libros |